000 00467nam a2200145 4500
001 109013
003 ES-MaACL
005 20230906184747.0
007 t|
008 061121s1915 po r ||||1| por d
100 1 _aMoya, Salvador de.
_983962
245 1 0 _aA libertade dos povos
_b: conferencia realisada no 2º Batalhâo da Força Pública /
_cSalvador de Moya.
260 _aSâo Paulo :
_b[s.n],
_c1915 (
_fImp. da Força Pública)
852 _aES-MaACL
_j1816-F-18
999 _c109013
_d109013